Escenas de pudor y livianidad /

Guardado en:
Bibliografiske detaljer
Hovedforfatter: Monsiváis, Carlos, 1938-2010
Format: Ukendt
Sprog:Spanish
Udgivet: México, D.F.: Grijalbo, 1981
Udgivelse:2. edición
Serier:Colección Narrativa
Fag:
Tags: Tilføj Tag
Ingen Tags, Vær først til at tagge denne postø!

MARC

LEADER 000000000a22000000004500
001 001159
008 170623s1981 MX a|||| |||| 00| 0 spa d
020 |a 968419739 
041 0 |a español 
082 |a M868.4  |b M754e2 
100 1 |a Monsiváis, Carlos,   |d 1938-2010 
245 1 0 |a Escenas de pudor y livianidad /  |c Carlos Monsiváis 
250 |a 2. edición 
260 |a México, D.F.:   |b Grijalbo,   |c 1981 
300 |a 354 páginas   |b [8] hojas de láminas, ilustraciones 
490 1 |a Colección Narrativa 
500 |a Número de inscripción 13094 
650 4 |a LITERATURA MEXICANA  |v ENSAYOS 
942 |2 ddc  |c BK 
999 |c 2242  |d 2242